• 首页
  • 本馆介绍
  • 公告通知
  • 最新文献
  • 馆藏检索
  • 电子资源
  • 读者导购
  • 参考咨询
  • 我的图书馆
  • 登录
  • 详细信息显示
  • 放入我的书架
  • 预约/预借图书
  • 作者相关作品
  • 分类相关作品
  • 丛书相关作品
  • 出版社相关作品

书目信息

  • 表格格式
  • 工作单格式
  • 卡片格式
题名:
两相流动理论基础
    
 
作者: 佟庆理 编
分册:  
出版信息: 北京   冶金工业出版社  1982
页数: 345页
开本: 21cm
丛书名:
单 册:
中图分类: O359
科图分类:
主题词: 二相流动--理论
电子资源:
ISBN:
000 00600nam0 2200229 45
001 0182001418
005 20060808162540.60
010    @dCNY1.40
091    @aCN@b15062.3915
100    @a19950314d1982 em y0chiy0121 ea
101 0  @achi
102    @aCN@b110000
105    @ay z 000yy
200 10 @a两相流动理论基础@Aliang xiang liu dong li lun ji chu@f佟庆理编
210    @a北京@c冶金工业出版社@d1982
215    @a345页@d21cm
606    @a二相流动@x理论
690    @aO359@v3
701  0 @a佟庆理@Atong qing li@4编
801  2 @aCN@bNLC@c20060808
801  0 @aCN@bTSSF
905    @a10447@dO359@e6
    
    两相流动理论基础/佟庆理编.-北京:冶金工业出版社,1982
    345页;21cm
    
    
    ISBN :CNY1.40
    
●
相关链接 在E读中查询图书 在五车中查询图书 在当当中查询图书 在豆瓣中查询图书


正题名:两相流动理论基础     索取号:O359/6         预约/预借

序号 登录号 条形码 馆藏地/架位号 状态 备注
1 0449852   204498524   密集书库/ [索取号:O359/6] 在馆    
唐山师范学院图书馆 欢迎您!
大连网信软件有限公司© 版权所有